000 00429nam a22001337a 4500
020 _a8192426471
082 _a338.5024658
100 _aHales, Alexander
245 _a Introduction to managerial economics
260 _aNew Delhi
_bRandom exports
_c2013
300 _a304p
942 _cBK
999 _c3494
_d3494